[Event "Nordeste IM 2013"]
[Site "Natal BRA"]
[Date "2013.08.29"]
[Round "2.1"]
[White "Lebredo Zaragoitia,G"]
[Black "Brito,L"]
[Result "1-0"]
[WhiteElo "2204"]
[BlackElo "2282"]

1.d4 Nf6 2.c4 e6 3.Nc3 Bb4 4.Nf3 c5 5.g3 O-O 6.Bg2 a6 7.O-O cxd4 8.Nxd4 Qc7
9.Na4 d5 10.cxd5 exd5 11.Qb3 Ba5 12.Bf4 Qd7 13.Nb6 Bxb6 14.Qxb6 Nc6 15.Rac1 Nxd4
16.Qxd4 Qe6 17.Be5 Re8 18.Bxf6 Qxf6 19.Qxf6 gxf6 20.Bxd5 Rxe2 21.Rc7 Bh3
22.Rd1 Kh8 23.Bg2 Bxg2 24.Kxg2 b5 25.Rxf7 Rxb2 26.Rdd7 Rxa2 27.Rxh7+ Kg8
28.Rhg7+ Kh8 29.h4 Rd8 30.Rh7+ Kg8 31.Rdg7+ Kf8 32.Ra7 Kg8 33.Rhb7 b4 34.h5 Ra5
35.Rg7+ Kh8 36.Rh7+ Kg8 37.Rag7+ Kf8 38.h6  1-0

[Event "Petersburg Summer Rapid 2013"]
[Site "St Petersburg RUS"]
[Date "2013.08.31"]
[Round "3.12"]
[White "Romanov,E"]
[Black "Polyaninov,A"]
[Result "1-0"]
[WhiteElo "2651"]
[BlackElo "2310"]

1.d4 Nf6 2.c4 e6 3.Nc3 Bb4 4.Nf3 c5 5.g3 b6 6.Bg2 Bb7 7.O-O cxd4 8.Qxd4 Nc6
9.Qd3 Rc8 10.Bf4 O-O 11.Bd6 Bxd6 12.Qxd6 Ne7 13.b3 Nf5 14.Qa3 a6 15.Rac1 Qc7
16.Rfd1 Rfd8 17.Bh3 Bxf3 18.exf3 Qb7 19.Bxf5 exf5 20.Nd5 Rc6 21.Ne7+ Kh8
22.Nxc6 Qxc6 23.Kg2 h5 24.Qd6 Qa8 25.h4 b5 26.c5 Rc8 27.Qe5 Rc6 28.Rd6 b4
29.Qxf5 a5 30.Rc4 Kg8 31.Qe5 a4 32.Rxc6 dxc6 33.Rxb4 axb3 34.Rb8+  1-0

[Event "Petersburg Summer Rapid 2013"]
[Site "St Petersburg RUS"]
[Date "2013.08.31"]
[Round "4.6"]
[White "Goganov,A"]
[Black "Khairullin,I"]
[Result "1/2-1/2"]
[WhiteElo "2577"]
[BlackElo "2651"]

1.d4 Nf6 2.c4 e6 3.Nc3 Bb4 4.Nf3 d5 5.Bg5 h6 6.Bxf6 Qxf6 7.e3 O-O 8.Qb3 c5
9.cxd5 exd5 10.dxc5 Bxc3+ 11.Qxc3 Qxc3+ 12.bxc3 Be6 13.Nd4 Rc8 14.c4 Rxc5
15.Nxe6 fxe6 16.cxd5 exd5 17.Bd3 Nd7 18.Kd2 Ne5  1/2-1/2

[Event "TCh-SRB 1st League w 2013"]
[Site "Kragujevac SRB"]
[Date "2013.09.01"]
[Round "9.5"]
[White "Djukic,Sa"]
[Black "Urosevic,Ma"]
[Result "1-0"]
[WhiteElo "2189"]
[BlackElo "2055"]

1.d4 Nf6 2.c4 e6 3.Nc3 Bb4 4.Nf3 c5 5.g3 cxd4 6.Nxd4 O-O 7.Bg2 d5 8.Qb3 Ba5
9.cxd5 Nxd5 10.O-O Nxc3 11.bxc3 Qb6 12.Ba3 Rd8 13.Qxb6 Bxb6 14.Rfd1 e5 15.Nb5 Nc6
16.Nd6 Bc7 17.Nb5 Ba5 18.Rxd8+ Nxd8 19.Nd6 Be6 20.c4 Rb8 21.Rb1 b5 22.Bc5 Bc7
23.cxb5 Bxa2 24.Ra1 Ne6 25.Bxa7 Rd8 26.Nb7 Rd2 27.b6 Bd8 28.Nxd8 Nxd8 29.b7 Nxb7
30.Bxb7 Rxe2 31.Bf3 Rb2 32.Be3 Rb1+ 33.Rxb1 Bxb1 34.Bd5 g6 35.g4 Kg7 36.g5 f6
37.h4 f5 38.Bd2 e4 39.Bc3+ Kf8 40.Be5 Bd3 41.Kh2 Be2 42.Kg3 Bd3 43.Kf4 Bc2
44.Bh8 Bd1 45.Ke5 Ke7 46.Bf6+ Kd7 47.Kf4 Ke8 48.Bd4 Kf8 49.Ke5 Kg7 50.Ke6+ Kf8
51.Kf6 Ke8 52.Be3 Kf8 53.Bf7  1-0

[Event "Petersburg Summer Rapid 2013"]
[Site "St Petersburg RUS"]
[Date "2013.09.01"]
[Round "11.5"]
[White "Bukavshin,I"]
[Black "Matlakov,M"]
[Result "1-0"]
[WhiteElo "2539"]
[BlackElo "2676"]

1.d4 Nf6 2.c4 e6 3.Nc3 Bb4 4.Nf3 b6 5.Qc2 Bb7 6.a3 Bxc3+ 7.Qxc3 O-O 8.e3 d6
9.Be2 Nbd7 10.O-O Ne4 11.Qc2 f5 12.b4 Rf6 13.Bb2 Rh6 14.d5 c5 15.Rad1 e5
16.g3 Qf6 17.Nh4 g5 18.Ng2 Qg6 19.f4 Rh3 20.Bf3 Nef6 21.Ne1 gxf4 22.exf4 e4
23.Qg2 Rh6 24.Be2 Ng4 25.Bxg4 Qxg4 26.Nc2 Kf7 27.Ne3 Qh5 28.Kf2 Nf6 29.Bxf6 Kxf6
30.g4 Qh4+ 31.Kg1 Rg6 32.g5+ Kf7 33.Nxf5 Qh5 34.Ng3 Qh4 35.Nf5 Qh5 36.Rde1 Bc8
37.Ng3 Qh4 38.Qxe4 Bh3 39.Rf2 Kg8 40.f5 Qxe4 41.Nxe4 Rg7 42.Rf3 Bg4 43.Rf4 Bh3
44.Re3  1-0

[Event "TCh-ROU w 2013"]
[Site "Mamaia ROU"]
[Date "2013.09.02"]
[Round "3.3"]
[White "L'Ami,Alina"]
[Black "Ilie,M"]
[Result "1-0"]
[WhiteElo "2358"]
[BlackElo "2011"]

1.d4 Nf6 2.c4 e6 3.Nc3 Bb4 4.Nf3 Bxc3+ 5.bxc3 b6 6.e3 d6 7.Bd3 Bb7 8.O-O O-O
9.Qc2 Nbd7 10.e4 e5 11.Bg5 h6 12.Bd2 Re8 13.Rae1 Nf8 14.Nh4 Ne6 15.Nf5 Bc8
16.Qc1 Nh5 17.g3 Ng5 18.Kg2 Ne6 19.Qd1 Nf6 20.f4 Nf8 21.fxe5 dxe5 22.Be3 exd4
23.Bxd4 Bxf5 24.Rxf5 c5 25.Bxf6 gxf6 26.Rd5 Qc8 27.Qh5 Re5 28.Qxh6 Ng6 29.Rf1 Qe6
30.h4 Rxe4 31.Bxe4 Qxe4+ 32.Kg1 Qg4 33.Qe3 Nxh4 34.Rxf6 Ng6 35.Qf3 Qxf3 36.Rxf3 Re8
37.Rd7 Ne5 38.Re3 Nxd7 39.Rxe8+ Kg7 40.Re7 Nf6 41.Rxa7 Ne4 42.Rb7 Nxc3 43.Rxb6 Nxa2
44.Rb5 Kf6 45.Rxc5 Ke6 46.Kg2 Nc3 47.Kf3 Na4 48.Ra5 Nb2 49.Ra6+ Ke5 50.c5 Nd3
51.c6 Kd6 52.Ra7 Kxc6 53.Ke4 Nc5+ 54.Kf5 Nd7 55.Ra1 Kd6 56.Re1 Kd5 57.Re7 Kd6
58.Rxf7  1-0

[Event "TCh-ROU 2013"]
[Site "Mamaia ROU"]
[Date "2013.09.04"]
[Round "5.3"]
[White "Manolache,M"]
[Black "Mateuta,G"]
[Result "0-1"]
[WhiteElo "2503"]
[BlackElo "2517"]

1.d4 e6 2.c4 Nf6 3.Nc3 Bb4 4.Nf3 c5 5.Qb3 Ne4 6.Nd2 Nxd2 7.Bxd2 Nc6 8.dxc5 Bxc5
9.Ne4 Be7 10.Qg3 O-O 11.Bc3 f6 12.O-O-O d5 13.e3 Nb4 14.a3 a5 15.Be2 Bd7
16.axb4 axb4 17.Nxf6+ Bxf6 18.Bxb4 Ra1+ 19.Kd2 Ra2 20.Rb1 Bxb2 21.Ke1 Rf5
22.h4 Be5 23.f4 Bf6 24.Qf3 d4 25.e4 Bc6 26.g3 Rfa5 27.Bxa5 Qxa5+ 28.Kf2 d3
29.Qxd3 Rd2 30.Qf3 Qc5+ 31.Ke1 Qd4 32.Qg4 Kf7 33.Qh5+ g6 34.Qxh7+ Bg7 35.h5 Rxe2+
36.Kxe2 Qxe4+ 37.Kd2 Qd4+ 38.Ke2 Qe4+ 39.Kd2 Qg2+ 40.Ke3 Qxg3+ 41.Kd2 Qc3+
42.Ke2 Qxc4+ 43.Kd2 Qxf4+ 44.Kc2 Be4+ 45.Kb3 Bd5+ 46.Kc2 Be4+ 47.Kb3 Qe3+
48.Kb4 Qb6+ 49.Kc4 Qd4+ 50.Kb3 Qc3+ 51.Ka4 Bc2+ 52.Kb5 Qc6+ 53.Kb4 Qb6+ 54.Kc4 Qd4+
55.Kb5 Bd3+ 56.Ka5 Qc5+ 57.Ka4 Bc2+ 58.Rb3 Qa7+ 59.Kb5 Qa6+ 60.Kc5 Qc6+ 61.Kb4 Qb6+
62.Ka4 Qxb3+ 63.Ka5 b6+ 64.Ka6 Qa4+ 65.Kxb6 Qb4+ 66.Kc7 Qc4+ 67.Kd8 g5 68.Rf1+ Qxf1
69.Qxc2 Bf6+ 70.Kc7 Qf5 71.Qa4 Qd5 72.h6 Qd8+ 73.Kb7 Kg6 74.Qe4+ Kxh6  0-1

[Event "Chepukaitis Mem Blitz Final 2013"]
[Site "St Petersburg RUS"]
[Date "2013.09.07"]
[Round "3.2"]
[White "Matlakov,M"]
[Black "Yemelin,V"]
[Result "0-1"]
[WhiteElo "2676"]
[BlackElo "2559"]

1.d4 Nf6 2.c4 e6 3.Nc3 Bb4 4.Nf3 b6 5.Qb3 c5 6.Bg5 Bb7 7.e3 O-O 8.Be2 cxd4
9.Qxb4 Na6 10.Qa3 dxc3 11.Qxc3 Ne4 12.Bxd8 Nxc3 13.Be7 Rfe8 14.Bd6 Nxe2 15.Kxe2 Nc5
16.Rhd1 Ne4 17.Ba3 d5 18.cxd5 Bxd5 19.Nd4 Rac8 20.f3 Bc4+ 21.Ke1 Nc5 22.Kf2 Red8
23.Kg3 g6 24.b3 Ba6 25.f4 Ne4+ 26.Kf3 Bb7 27.Rdc1 Nc3+ 28.Kf2 Ne4+ 29.Kg1 h5
30.Be7 Re8 31.Ba3 Red8 32.Rxc8 Rxc8 33.Rd1 Rc3 34.Nf3 Rxe3 35.Bb2  0-1

[Event "ch-Vienna State 2013"]
[Site "Vienna AUT"]
[Date "2013.09.10"]
[Round "4.5"]
[White "Ganaus,H"]
[Black "Baumegger,S"]
[Result "0-1"]
[WhiteElo "2280"]
[BlackElo "2468"]

1.d4 Nf6 2.c4 e6 3.Nc3 Bb4 4.Nf3 c5 5.e3 O-O 6.Bd3 b6 7.O-O Bb7 8.Na4 cxd4
9.exd4 Re8 10.a3 Bf8 11.Re1 Bxf3 12.Qxf3 Nc6 13.Be3 e5 14.dxe5 Nxe5 15.Qd1 Rc8
16.Bg5 h6 17.Bxf6 Qxf6 18.Nc3 Bc5 19.Ne4 Qf4 20.Nxc5 Ng4 21.Ne4 Qxh2+ 22.Kf1 Qh1+
23.Ke2 Qxg2 24.Kd2 Nxf2 25.Qe2 Rxe4 26.Bxe4 Nxe4+ 27.Kd3 Qg3+ 28.Kc2 d5 29.Rac1 Qg6
30.Kb3 dxc4+ 31.Rxc4 Rxc4 32.Kxc4 f5 33.Kb5 Qe8+ 34.Kb4 Qe6 35.Kb5 Qd7+ 36.Kb4 Qd5
37.a4 Nc5 38.Qe8+ Kh7  0-1

[Event "Alushta Autumn 4 2013"]
[Site "Alushta UKR"]
[Date "2013.09.11"]
[Round "1"]
[White "Yarmysty,M"]
[Black "Pavlov,Ma"]
[Result "0-1"]
[WhiteElo "2347"]
[BlackElo "2408"]

1.d4 Nf6 2.c4 e6 3.Nc3 Bb4 4.Nf3 b6 5.Bg5 Bb7 6.Qc2 h6 7.Bh4 g5 8.Bg3 Ne4
9.Nd2 Bxc3 10.bxc3 f5 11.e3 Nxg3 12.hxg3 Qf6 13.g4 fxg4 14.Ne4 Qg7 15.Ng3 Nc6
16.Be2 O-O-O 17.c5 Na5 18.cxb6 cxb6 19.e4 Kb8 20.Bxg4 Rc8 21.Qd3 Rc7 22.Rc1 Qe7
23.O-O Rf8 24.Nh5 Qh7 25.f3 Qg6 26.Rfd1 Nc4 27.e5 Qxd3 28.Rxd3 Ba6 29.Rdd1 Ne3
30.Rd2 Nd5 31.Nf6 Nxf6 32.exf6 Bc4 33.f4 gxf4 34.Bf3 Rxf6 35.d5 exd5 36.Re1 Re6
37.Kf2 Rc5 38.Rh1 Ra5 39.Rh4 Rf6 40.Rg4 Rxa2 41.Rxa2 Bxa2 42.Ke1 Kc7 43.Rg7 Bc4
44.Kd2 a5 45.Kc1 b5 46.Bg4 Rd6 47.Rf7 d4  0-1

[Event "TCh-ESP CECLUB Honor 2013"]
[Site "Linares ESP"]
[Date "2013.09.11"]
[Round "4.4"]
[White "Alonso Rosell,A"]
[Black "Castellanos Rodriguez,R"]
[Result "1/2-1/2"]
[WhiteElo "2542"]
[BlackElo "2509"]

1.d4 Nf6 2.c4 e6 3.Nc3 Bb4 4.Nf3 b6 5.e3 Bb7 6.Bd3 O-O 7.O-O c5 8.Na4 cxd4
9.exd4 Re8 10.a3 Bf8 11.b4 d6 12.Re1 Nbd7 13.Bb2 g6 14.Nc3 Bg7 15.Rc1 a6
16.Rc2 Rc8 17.Nb1 Bc6 18.Nc3 Bb7 19.Nb1 Bc6 20.Nc3 Bb7 21.Nb1 Ra8 22.Bc1 Bc8
23.Bf1  1/2-1/2

[Event "Pankrac Cup 2013"]
[Site "Prague CZE"]
[Date "2013.09.11"]
[Round "1"]
[White "Juptner,J"]
[Black "Liuba,Volodymyr"]
[Result "1-0"]
[WhiteElo "2340"]
[BlackElo "2196"]

1.d4 Nf6 2.c4 e6 3.Nc3 Bb4 4.Nf3 c5 5.g3 cxd4 6.Nxd4 Ne4 7.Bd2 Bxc3 8.Bxc3 Qf6
9.f4 e5 10.Nb5 Nxc3 11.Nxc3 exf4 12.Nd5 Qd8 13.Qd4 O-O 14.gxf4 Nc6 15.Qc3 d6
16.Rg1 f6 17.O-O-O a5 18.a3 Be6 19.Bh3 Bxh3 20.Qxh3 Rc8 21.Rd3 Rf7 22.Qe6 Kf8
23.Rh3 h6 24.Rg6 Nd4 25.Rhxh6 gxh6 26.Qg4 Rxc4+ 27.Kb1  1-0

[Event "TCh-CRO w Liga 2013"]
[Site "Bol CRO"]
[Date "2013.09.15"]
[Round "2.3"]
[White "Kukic,L"]
[Black "Ivekovic,A CRO"]
[Result "1/2-1/2"]
[WhiteElo "1903"]
[BlackElo "2004"]

1.d4 Nf6 2.c4 e6 3.Nc3 Bb4 4.Nf3 O-O 5.g3 Ne4 6.Qd3 f5 7.Bg2 d6 8.O-O Bxc3
9.bxc3 Nd7 10.Nd2 Nxd2 11.Bxd2 Nf6 12.Rab1 Rb8 13.f3 b6 14.e4 fxe4 15.fxe4 Bb7
16.Rf4 e5 17.Rf5 Qe7 18.d5 h6 19.h3 Bc8 20.Rf3 Bd7 21.g4 Nh7 22.Rbf1 a5 23.Rxf8+ Rxf8
24.Rxf8+ Nxf8 25.Qe3 Kf7 26.g5 hxg5 27.Qxg5 Qxg5 28.Bxg5 Ke8 29.Kh2 Ba4 30.Bf3 Bc2
31.Bh5+ g6 32.Bf3 Nh7 33.h4 Nxg5 34.hxg5 Bd3 35.Kg2 Bxc4 36.a3 Bb5 37.Kf2 c6
38.dxc6 Bxc6 39.c4 b5 40.cxb5 Bxb5 41.Ke3 Bc4 42.Kd2 Kd7 43.Bd1 Kc7 44.Ba4 Bf7
45.Kd3 Kb6 46.Kc3 Kc5 47.Kd3 Bc4+ 48.Ke3 Bf7 49.Kd3 Bc4+ 50.Ke3 Bb5 51.Bb3 Be8
52.Kd3 a4 53.Bd5 Bb5+ 54.Ke3 Bc4 55.Bb7 d5 56.exd5 Bxd5 57.Ba6 Bc4 58.Bb7 Bd5
59.Ba6 Bc6 60.Bd3 Be8 61.Ke4 Kd6 62.Bc4 Bd7 63.Bf7 Bf5+ 64.Ke3 Kc5 65.Be8 Bc2
66.Kd2 Bb1 67.Bxa4 Kd4 68.Bc6 e4 69.Be8 e3+ 70.Ke2 Bf5 71.Bc6 Bg4+ 72.Ke1 Ke5
73.a4 Bc8 74.Ke2 Kf4 75.a5 Ba6+ 76.Ke1 Kxg5 77.Bf3 Kf4 78.Be2 Bb7 79.Kf1 g5
80.a6 Bxa6 81.Bxa6 Kf3 82.Bb7+ Kg3  1/2-1/2

[Event "Faergen Cup 2013"]
[Site "Allinge DEN"]
[Date "2013.09.16"]
[Round "9.5"]
[White "Baliuniene,Margarita"]
[Black "Malmdin,N"]
[Result "1-0"]
[WhiteElo "1834"]
[BlackElo "2230"]

1.d4 Nf6 2.c4 e6 3.Nf3 Bb4+ 4.Nc3 b6 5.e3 Bb7 6.Bd3 Ne4 7.Qc2 f5 8.O-O Bxc3
9.bxc3 O-O 10.Ba3 Rf6 11.Nd2 Rh6 12.Nxe4 fxe4 13.Bxe4 Qh4 14.f4 Qxh2+ 15.Kf2 Qh4+
16.Ke2 d5 17.cxd5 exd5 18.Rh1 Qf6 19.Bxh7+ Kf7 20.g4 Bc8 21.g5 Rxh1 22.Rxh1 Bg4+
23.Kd2 Qe6 24.Bd3 Nc6 25.f5 Qd7 26.f6 Na5 27.Rh7 Rg8 28.Be7 Ke6 29.Rxg7 Rh8
30.Rh7 Rxh7 31.Bxh7 Nc4+ 32.Ke1 Qe8 33.e4 Qh5 34.exd5+ Kf7 35.g6+ Ke8 36.f7+ Kxe7
37.Qe4+ Ne5 38.Qxe5+ Qxe5+ 39.dxe5 Kf8 40.e6 Bf3 41.e7+ Kxe7 42.g7  1-0

[Event "TCh-CRO Ia Liga 2013"]
[Site "Bol CRO"]
[Date "2013.09.17"]
[Round "4.1"]
[White "Rezan,S"]
[Black "Lalic,B"]
[Result "1/2-1/2"]
[WhiteElo "2456"]
[BlackElo "2476"]

1.d4 Nf6 2.c4 e6 3.Nf3 Bb4+ 4.Nc3 c5 5.e3 O-O 6.Be2 d5 7.cxd5 exd5 8.dxc5 Bxc3+
9.bxc3 Qa5 10.O-O Qxc5  1/2-1/2

[Event "Dnipropetrovsk A 2013"]
[Site "Dnipropetrovsk UKR"]
[Date "2013.09.17"]
[Round "3.1"]
[White "Gritsayeva,O"]
[Black "Balaian,Ali"]
[Result "1-0"]
[WhiteElo "2346"]
[BlackElo "2226"]

1.d4 Nf6 2.c4 e6 3.Nc3 Bb4 4.Nf3 O-O 5.g3 d5 6.Qb3 c5 7.cxd5 Qxd5 8.Qxd5 exd5
9.Bd2 Nc6 10.dxc5 Bxc5 11.Rc1 Bb6 12.Na4 Re8 13.Nxb6 axb6 14.a3 Bg4 15.Bg2 d4
16.h3 Bxf3 17.Bxf3 Ne5 18.O-O Nxf3+ 19.exf3 Rac8 20.Rfd1 Nd7 21.Rxc8 Rxc8
22.Bf4 h6 23.Rxd4 Nc5 24.Rc4 Rc6 25.Be3 Nd3 26.Rxc6 bxc6 27.b3 c5 28.f4 Ne1
29.a4 Nc2 30.f5 h5 31.g4 hxg4 32.hxg4 Kf8 33.Bf4 Nb4 34.Kg2 Ke7 35.Kf3 Nc6
36.Ke4 Na5 37.Bc7 Nxb3 38.Kd5 Nd2 39.Bxb6 c4 40.Bd4 g6 41.fxg6 fxg6 42.Bc3 Nf3
43.Kxc4 Kd6 44.Kd3 Nh2 45.g5 Nf3 46.Bf6 Kc5 47.Ke3 Nh4 48.a5 Kb5 49.Bd8 Ng2+
50.Ke4 Ne1 51.Bc7 Ka6 52.Bb6 Ng2 53.Ke5 Kb5 54.Kf6 Nf4 55.Kg7 Ka6 56.Be3 Nd5
57.Bd2 Ne7 58.Kf7 Nc6 59.Kxg6 Ne5+ 60.Kf5  1-0

[Event "Caissa IM September 2013"]
[Site "Kecskemet HUN"]
[Date "2013.09.22"]
[Round "2.2"]
[White "Sarosi,Z"]
[Black "Keresztes,R"]
[Result "1/2-1/2"]
[WhiteElo "2265"]
[BlackElo "2237"]

1.d4 Nf6 2.c4 e6 3.Nc3 Bb4 4.Nf3 b6 5.e3 O-O 6.Bd3 d5 7.cxd5 exd5 8.O-O Ba6
9.Bxa6 Nxa6 10.Ne5 Bxc3 11.bxc3 c5 12.Ba3 Re8 13.Qf3 Nc7 14.Rad1  1/2-1/2

[Event "52nd World Juniors 2013"]
[Site "Kocaeli TUR"]
[Date "2013.09.22"]
[Round "9.2"]
[White "Ipatov,Alexander"]
[Black "Vidit,S"]
[Result "1-0"]
[WhiteElo "2601"]
[BlackElo "2565"]

1.d4 Nf6 2.c4 e6 3.Nc3 Bb4 4.Nf3 b6 5.g3 Bb7 6.Bg2 O-O 7.O-O Bxc3 8.bxc3 Qc8
9.Re1 c5 10.d5 exd5 11.Nh4 d6 12.cxd5 Nbd7 13.e4 Re8 14.c4 Ne5 15.Bb2 Qd8
16.Rc1 Ba6 17.Nf5 b5 18.Bxe5 dxe5 19.cxb5 Bxb5 20.Rxc5 Bd7 21.Ne3 Qb6 22.Qc2 Rac8
23.Rc1 h5 24.h4 Rxc5 25.Qxc5 Rc8 26.Qa3 Rxc1+ 27.Qxc1 Qd4 28.Qd1 Qb2 29.Qc2 Qa1+
30.Kh2 g6 31.Qd2 Bb5 32.f3 a6 33.Bh3 Ne8 34.d6 Qd4 35.Qxd4 exd4 36.d7 Bxd7
37.Bxd7 dxe3 38.Kg2 Nd6 39.Kf1 Kf8 40.Ke2 Ke7 41.Ba4 f6 42.Bb3 Nc8 43.Kxe3 Na7
44.Ba4 Nc8 45.Kd4 Nd6 46.Kd5 g5 47.f4 g4 48.Bc2 Nb5 49.a4 Nc3+ 50.Kd4 Ne2+
51.Ke3 Nc3 52.Bb3  1-0

[Event "TCh-Moscow GpA 2013"]
[Site "Moscow RUS"]
[Date "2013.09.22"]
[Round "3.1"]
[White "Reshetnikov,Al"]
[Black "Tarasov,Alexandr"]
[Result "1-0"]
[WhiteElo "2497"]
[BlackElo "2204"]

1.c4 e6 2.d4 Nf6 3.Nc3 Bb4 4.Nf3 b6 5.g3 Bb7 6.Bg2 Bxc3+ 7.bxc3 O-O 8.O-O d6
9.Re1 Qe7 10.Bh3 e5 11.Nh4 Nc6 12.e4 Na5 13.Bg5 h6 14.Nf5 Qd8 15.Bh4 Nxc4
16.f4 exf4 17.gxf4 Kh7 18.Qd3 b5 19.e5 dxe5 20.fxe5 g5 21.Nd6+  1-0

[Event "4th Biella Open A 2013"]
[Site "Biella ITA"]
[Date "2013.09.27"]
[Round "1.3"]
[White "Salvador,R"]
[Black "Bisi,S"]
[Result "0-1"]
[WhiteElo "2461"]
[BlackElo "2077"]

1.d4 Nf6 2.c4 e6 3.Nc3 Bb4 4.Nf3 O-O 5.Bg5 c5 6.d5 h6 7.Bd2 b6 8.Qc2 exd5
9.Nxd5 Nxd5 10.cxd5 Bxd2+ 11.Qxd2 Ba6 12.g4 d6 13.Rg1 Nd7 14.g5 hxg5 15.Rxg5 Qf6
16.Bh3 Rae8 17.Rf5 Qg6 18.O-O-O Rxe2 19.Qf4 Rfe8 20.Rg1 Ne5 21.Kd1 Nd3 22.Qh4 Nxb2+
23.Kc1 Nd3+ 24.Kd1 Nxf2+ 25.Kc1 Bd3 26.Qa4 Rc2+ 27.Qxc2 Bxc2 28.Kxc2 Nxh3  0-1

[Event "12th Forchheim Open A 2013"]
[Site "Forchheim GER"]
[Date "2013.09.28"]
[Round "3.11"]
[White "Hilverda,A"]
[Black "Steinhart,C"]
[Result "1/2-1/2"]
[WhiteElo "2285"]
[BlackElo "1966"]

1.d4 Nf6 2.c4 e6 3.Nf3 Bb4+ 4.Nc3 c5 5.a3 Bxc3+ 6.bxc3 Nc6 7.e3 d6 8.Bd3 O-O
9.O-O b6 10.e4 Ne8 11.e5 g6 12.Bh6 Ng7 13.Ng5 cxd4 14.Qf3 Nxe5 15.Qxa8 Nxd3
16.Qf3 Nb2 17.Qh3 e5 18.g4 Nxc4 19.Nxh7 Bxg4 20.Qxg4 Kxh7 21.Bxg7 Kxg7 22.cxd4 e4
23.Qe2  1/2-1/2

[Event "23rd EYCC Open U18 2013"]
[Site "Budva MNE"]
[Date "2013.09.29"]
[Round "1.5"]
[White "Chigaev,M"]
[Black "Theodorou,Nikolas"]
[Result "1/2-1/2"]
[WhiteElo "2480"]
[BlackElo "2199"]

1.d4 Nf6 2.c4 e6 3.Nc3 Bb4 4.Nf3 d5 5.g3 O-O 6.Bg2 dxc4 7.O-O Nc6 8.Re1 Re8
9.e4 b6 10.a3 Bf8 11.Bg5 h6 12.Bh4 g5 13.Nxg5 hxg5 14.Bxg5 e5 15.Nd5 Be7
16.Nxe7+ Qxe7 17.f4 Nxd4 18.fxe5 Qxe5 19.Bxf6 Qxf6 20.e5 Rxe5 21.Bxa8 c6
22.Rf1 Qd6 23.Rf4 Ne2+ 24.Kh1 Qxd1+ 25.Rxd1 Be6 26.Bxc6 Nxf4 27.gxf4 Re2
28.Rg1+ Kf8 29.Rg2 Re1+ 30.Rg1 Re2 31.Rg2 Re1+ 32.Rg1 Re2  1/2-1/2

[Event "Oslo Int Open 2013"]
[Site "Oslo NOR"]
[Date "2013.09.29"]
[Round "4"]
[White "Istratescu,A"]
[Black "Hauge,Lars Oskar"]
[Result "1-0"]
[WhiteElo "2646"]
[BlackElo "2282"]

1.d4 Nf6 2.c4 e6 3.Nc3 Bb4 4.Nf3 c5 5.g3 cxd4 6.Nxd4 O-O 7.Bg2 d5 8.cxd5 Nxd5
9.Bd2 Nxc3 10.bxc3 Bc5 11.Nb3 Bb6 12.c4 Nc6 13.O-O Qe7 14.a4 a6 15.a5 Bc7
16.Be3 Rd8 17.Qc2 Bd7 18.Rfb1 Be5 19.Bc5 Qf6 20.Ra3 Rab8 21.Bb6 Rdc8 22.Nc5 Be8
23.Rd3 Qe7 24.Qd2 Bc7 25.Nd7 Bxb6 26.Nxb8 Bxf2+ 27.Kxf2 Rxb8 28.Bxc6 Bxc6
29.Rd1 Qc5+ 30.Kf1 h6 31.Rd8+ Rxd8 32.Qxd8+ Kh7 33.Qd3+ f5 34.Qc3 Kg8 35.Rd8+ Kh7
36.h4 Bb5 37.Qd4 Qxc4 38.Qxc4 Bxc4 39.h5 Bb5 40.Rc8 Bd7 41.Rc7 Bc6 42.Kf2 Kg8
43.Ke3 Kh7 44.Re7 Bd5 45.Kd4 Kg8 46.Ke5 Kf8 47.Rxe6 Bxe6 48.Kxe6 Ke8 49.Kxf5 Kd8
50.e4 b5 51.axb6 a5 52.e5 a4 53.e6  1-0

[Event "Oslo Int Open 2013"]
[Site "Oslo NOR"]
[Date "2013.09.29"]
[Round "5"]
[White "Agdestein,S"]
[Black "Adhiban,Baskaran"]
[Result "1-0"]
[WhiteElo "2595"]
[BlackElo "2567"]

1.d4 Nf6 2.c4 e6 3.Nc3 Bb4 4.Nf3 b6 5.Bg5 Bb7 6.e3 h6 7.Bh4 Bxc3+ 8.bxc3 d6
9.Bd3 Qe7 10.O-O Nbd7 11.Nd2 g5 12.Bg3 h5 13.f3 h4 14.Bf2 O-O-O 15.h3 Rdg8
16.e4 Nh5 17.c5 dxc5 18.Qa4 Kb8 19.Bb5 f5 20.exf5 Nf4 21.Rfe1 g4 22.d5 Nxh3+
23.gxh3 gxh3+ 24.Kf1 h2 25.Ke2 exd5+ 26.Kd3 h1=Q 27.Rxh1 c6 28.Rae1 Qg5 29.Ba6 Qxf5+
30.Ke2 Rg2 31.Bxb7 Kxb7 32.Rxh4 Re8+ 33.Kf1 Rgg8 34.Rxe8 Rxe8 35.Qf4 Qd3+
36.Kg2 Ne5 37.Bg3 Qe2+ 38.Kh3 a5 39.a4 Ka6 40.Rh7 Qd1 41.Qf6 Qh1+ 42.Bh2 Rg8
43.Qxe5 Qg2+ 44.Kh4 Qxd2 45.Bg3 Qc2 46.Rg7 Rxg7 47.Qxg7 Qxa4+ 48.Kg5 Qc2
49.f4 a4 50.f5 a3 51.c4 a2 52.Qh8 Qxc4 53.Qa8+ Kb5 54.Qa3 Qc2 55.f6 Qb1 56.f7 a1=Q
57.Qxa1 Qxa1 58.f8=Q Qc1+ 59.Bf4 Qg1+ 60.Kf6 Qf2 61.Ke6 c4 62.Kd7 c3 63.Qh6 Qc5
64.Bd6 Qc4 65.Qc1 Qg4+ 66.Kc7 Qg7+ 67.Kb8 c5 68.Bc7 Qf6 69.Qb1+ Kc4 70.Qa2+ Kd4
71.Qa4+ c4 72.Kb7 Kc5 73.Qa3+ Kd4 74.Bxb6+ Kd3 75.Qc1 Qf3 76.Ka6 d4 77.Bc5 c2
78.Ba3 Qa8+ 79.Kb5 Qb7+ 80.Ka5 Qg2 81.Kb4 c3 82.Kb3 Qg8+ 83.Kb4 Qc4+ 84.Ka5 Qd5+
85.Kb4 Qb7+ 86.Ka4 Qa6+ 87.Kb4 Qc4+ 88.Ka5 Qb3 89.Qf1+ Ke3 90.Qe1+ Kf3 91.Qf1+ Ke4
92.Qe2+ Kd5 93.Qf3+ Ke5 94.Qg3+ Ke4 95.Qg4+ Kd3 96.Qf3+ Kd2 97.Qf2+ Kd3 98.Qf1+ Ke3
99.Bc1+ Ke4 100.Qf4+ Kd5 101.Qf7+ Kc5 102.Qxb3  1-0

[Event "TCh-AUT 2nd Mitte 2013-14"]
[Site "Fuerstenfeld AUT"]
[Date "2013.10.04"]
[Round "1.2"]
[White "Flumbort,A"]
[Black "Handler,L"]
[Result "1-0"]
[WhiteElo "2472"]
[BlackElo "2396"]

1.d4 Nf6 2.c4 e6 3.Nc3 Bb4 4.Nf3 d5 5.cxd5 exd5 6.Bg5 Nbd7 7.e3 c5 8.Qc2 Qa5
9.Bd3 c4 10.Bf5 O-O 11.O-O g6 12.Bxd7 Nxd7 13.e4 Nb6 14.e5 Bf5 15.Qd2 Rfe8
16.a3 Bf8 17.Nh4 Bd3 18.b4 Qa6 19.Rfc1 Rac8 20.Bh6 Be7 21.Nf3 Rcd8 22.Bg5 Nc8
23.Qf4 Rd7 24.Re1 Bxg5 25.Qxg5 Qe6 26.Qh6 Qe7 27.h4 Qf8 28.Qf4 h6 29.Nd1 Bf5
30.Ne3 Be6 31.Nh2 h5 32.g4 Ne7 33.Kh1 Qg7 34.gxh5 gxh5 35.Rg1 Ng6 36.Qg5 Qh7
37.f4  1-0

[Event "23rd EYCC Open U18 2013"]
[Site "Budva MNE"]
[Date "2013.10.05"]
[Round "6.2"]
[White "Fedoseev,Vl3"]
[Black "Doros,R"]
[Result "1-0"]
[WhiteElo "2565"]
[BlackElo "2334"]

1.d4 Nf6 2.c4 e6 3.Nc3 Bb4 4.Nf3 c5 5.g3 Ne4 6.Bd2 Bxc3 7.bxc3 Nxd2 8.Qxd2 O-O
9.Bg2 d6 10.O-O Qe7 11.Qg5 Qc7 12.Rac1 Nc6 13.dxc5 dxc5 14.Qxc5 b6 15.Qh5 Bb7
16.Rfd1 Na5 17.Rd4 Qc5 18.Qxc5 bxc5 19.Rd7 Bc6 20.Rd6 Rfd8 21.Rcd1 Nb7 22.R6d3 Be4
23.Ne5 Bxd3 24.exd3 Rab8 25.Nc6 Nd6 26.Nxd8 Rxd8 27.Rb1 Kf8 28.f4 Ke7 29.Kf2 Kd7
30.g4 Kc7 31.Ke3 Rb8 32.Rxb8 Kxb8 33.Bf1 Kc7 34.d4 Kc6 35.Bg2+ Kb6 36.Kd3 Ne8
37.h4 h6 38.Bf3 Nd6 39.g5 Nf5 40.h5 Nd6 41.Bg4 Kc6 42.Bd1 Nf5 43.Bg4 Nd6
44.Bf3+ Kb6 45.Be4 Ne8 46.Ke3 Nd6 47.Bd3 Kc6 48.gxh6 gxh6 49.f5 exf5 50.Kf4 f6
51.Bc2 a5 52.Ba4+ Kb6 53.Bb5 Ne4 54.Kxf5 Nxc3 55.dxc5+ Kxc5 56.a4 Kb4 57.Kg6 Nxa4
58.Kxh6 Nc5 59.Kg6 a4 60.Bxa4 Kxa4 61.h6 Ne6 62.Kxf6 Nf8 63.c5 Kb5 64.Ke7 Nh7
65.Kd6  1-0

[Event "TCh-CRO II Liga 2013"]
[Site "Primosten CRO"]
[Date "2013.10.05"]
[Round "5.1"]
[White "Martinovic,F"]
[Black "Dumpor,A"]
[Result "0-1"]
[WhiteElo "1909"]
[BlackElo "2357"]

1.d4 Nf6 2.c4 e6 3.Nc3 Bb4 4.Nf3 c5 5.Bg5 h6 6.Bxf6 Qxf6 7.Rc1 O-O 8.e3 d6
9.Bd3 Nc6 10.O-O Rd8 11.h3 Bxc3 12.Rxc3 b6 13.d5 exd5 14.cxd5 Nb4 15.Bb1 a5
16.a3 Na6 17.Re1 Nb8 18.e4 Nd7 19.Qd2 b5 20.Rce3 Re8 21.Qc2 g6 22.e5 dxe5
23.b4 axb4 24.axb4 c4 25.Nd4 Ba6 26.Nc6 Bb7 27.Nd4 Nb6 28.Nxb5 Nxd5 29.Rg3 Rac8
30.Na7 Ra8 31.Nb5 Qc6 32.Nc3 Nf4 33.b5 Qe6 34.h4 Nd3 35.Re2 Qf5 36.Qd1 e4
37.Qd2 Nf4 38.Ree3 Rad8 39.Qe1 Qh5 40.f3 Nd3 41.Bxd3 cxd3 42.fxe4 d2 43.Qd1 Qxd1+
44.Nxd1 Bxe4 45.Kf2 Kg7 46.Rc3 Rd5 47.b6 Rd6 48.Rge3 Rxb6 49.Ke2 Rd6 50.g3 Bc6
51.Rxe8 Bxe8 52.Kf2 Ba4 53.Ke2 Re6+  0-1

[Event "TCh-AUT 2nd Ost 2013-14"]
[Site "Vienna AUT"]
[Date "2013.10.05"]
[Round "1.5"]
[White "Lovrinovic,C"]
[Black "Wiedner,R"]
[Result "0-1"]
[WhiteElo "2140"]
[BlackElo "2140"]

1.d4 Nf6 2.c4 e6 3.Nc3 Bb4 4.Nf3 O-O 5.g3 Ne4 6.Qc2 d5 7.a3 Bxc3+ 8.bxc3 c6
9.Bg2 Qa5 10.Bb2 Nd7 11.c5 b6 12.cxb6 Nxb6 13.Ne5 Bb7 14.f3 Nd6 15.O-O Na4
16.Rab1 f6 17.Nd3 Ba6 18.Nb4 Bb5 19.Bc1 Rac8 20.Bh3 Rfe8 21.Bf4 Nc4 22.Qb3 a6
23.Rfe1 c5 24.dxc5 Nxc5 25.Qa2 Qxa3 26.Qxa3 Nxa3 27.Ra1 Nc4 28.Kf2 Ra8 29.Reb1 Kf7
30.Ra2 g5 31.Bc1 Kg6 32.Bf1 Rec8 33.Bh3 f5 34.Bg2 Nd6 35.Bd2 Bc4 36.Rab2 Kf6
37.h4 h6 38.hxg5+ hxg5 39.Nc2 Na4 40.Rb4 Bb5 41.R4b3 Nc4 42.Be1 Rc7 43.Nd4 Bd7
44.Ra1 e5 45.Nc2 f4 46.Nb4 Rc5 47.Nd3 Rb5 48.Rb4 Nab6 49.Rxb5 Bxb5 50.Nb4 a5
51.Nc2 Ba4 52.Na3 Bb3 53.gxf4 exf4 54.Nb5 Rh8 55.Kg1 Re8 56.Bf1 a4 57.Nd4 Nd7
58.Bh3 Nc5 59.Bf2 Ne3 60.Bg4 Bc4 61.Ra3 Rb8 62.Ra1 Rb2 63.Bxe3 fxe3 64.Kf1 Ke5
65.Bf5 Nb3 66.Rb1 Rxb1+ 67.Bxb1 Nxd4  0-1